U.S. industrial competitiveness : A comparison of steel, electronics, and automobiles

Wedi'i Gadw mewn:
Manylion Llyfryddiaeth
Fformat: Llyfr
Iaith:Undetermined
Cyhoeddwyd: Washington Office Of Technology Assessment 1981
Pynciau:
Tagiau: Ychwanegu Tag
Dim Tagiau, Byddwch y cyntaf i dagio'r cofnod hwn!
Thư viện lưu trữ: Trung tâm Học liệu Trường Đại học Cần Thơ
LEADER 00561nam a2200181Ia 4500
001 CTU_81102
008 210402s9999 xx 000 0 und d
082 |a 338.6 
082 |b U58 
245 0 |a U.S. industrial competitiveness : 
245 2 |b A comparison of steel, electronics, and automobiles 
260 |a Washington 
260 |b Office Of Technology Assessment 
260 |c 1981 
650 |a Competition, international,Industrial policy 
650 |z United states 
904 |i Trọng Hải 
980 |a Trung tâm Học liệu Trường Đại học Cần Thơ